Les prénoms qui ont un sens initiale M - Statistiques

Statistiques générales
  • Ce quiz a été pris 61 fois
  • Le résultat moyen est 6 sur 20
Statistiques - réponses
Sens Sexe Prénom Célébrité ou Personnage % Correct
De la mer F Marine Le Pen
89%
Don de Dieu M Mathieu Chédid
79%
Perle F Marguerite Yourcenar
71%
Le plus grand F/M Maxime Bossis
63%
Noir F Mélanie Laurent
54%
Hôtesse F Marthe Villalonga
38%
De Magdala F Madeleine Renaud
32%
Etoile de la mer F Manon Roland
30%
Prince M Maël Leblanc
25%
Abeille M Melissa McCarthy
25%
Forte au combat F Mathilde Bonaparte
21%
Bien aimée F Myriam Boyer
18%
Don de Dieu M Matteo Garrone
14%
Née de la mer M Morgane Moré
13%
Guerrier M Martial Solal
11%
Otage de la lumière M Malo Louarn
9%
Du dieu Mars M Marceau Long
9%
Roi M Melchior Ndadaye
4%
Paisible F Malie -
2%
Bienheureux M Macaire d'Alexandrie
0%
Aucun quiz correspondant
Distribution des résultats
% des personnes avec chaque résultat
Percentile par nombre de réponses
Votre historique - résultats
Vous n’avez pas pris ce quiz